| 000 | 00497nam a2200181Ia 4500 | ||
|---|---|---|---|
| 999 |
_c29261 _d29261 |
||
| 003 | OSt | ||
| 005 | 20201117123347.0 | ||
| 008 | 190216s9999||||xx |||||||||||||| ||und|| | ||
| 020 | _a9788126414413 | ||
| 040 | _coclc | ||
| 082 |
_a894.8123 _bTHO/K |
||
| 100 |
_aThomas, Suresh P _96673 |
||
| 245 | 0 |
_a2048 Ki.Mee. / _cSuresh P Thomas |
|
| 260 |
_bDc Books, _a Kottayam: _c2007. |
||
| 300 | _a136p | ||
| 650 | _aNovel | ||
| 942 |
_cBK _2ddc _h894.8123 _iTHO/K _k894.8123 _mTHO/K |
||